Formación instrumental: sector consumo y calidad de vida
Saved in:
| Corporate Authors: | , |
|---|---|
| Format: | Bog |
| Sprog: | spansk |
| Udgivet: |
Santiago
Ministerio de Educación, Gobierno de Chile
2007
|
| Udgivelse: | 1a. ed |
| Serier: | Programa de Estudio Educación Media de Adultos
|
| Fag: | |
| Tags: |
Tilføj Tag
Ingen Tags, Vær først til at tagge denne postø!
|
MARC
| LEADER | 00000cam a2200000 a 4500 | ||
|---|---|---|---|
| 001 | UCG3794 | ||
| 003 | CL-VaPUC | ||
| 008 | 100916e20071200CL |||||||||||||||||spa|d | ||
| 020 | |a 9789562921718 | ||
| 082 | 0 | 4 | |a 330.9 |b MIN |2 21 |
| 110 | 2 | |a Ministerio de Educación |e author |9 553073 | |
| 710 | 2 | |a Gobierno de Chile |e author |9 553074 | |
| 245 | 1 | 0 | |a Formación instrumental: sector consumo y calidad de vida |
| 250 | |a 1a. ed | ||
| 300 | |a 94 p | ||
| 942 | |c BK | ||
| 945 | |d 20100916 00:00:00 |a mfarfan | ||
| 260 | |a Santiago |b Ministerio de Educación, Gobierno de Chile |c 2007 | ||
| 650 | 7 | |a ECONOMIA DOMESTICA |2 CL-VaPUC |9 338711 | |
| 650 | 0 | |a Microeconomía |9 258126 | |
| 650 | 7 | |a CONSUMISMO |2 CL-VaPUC |9 553075 | |
| 650 | 0 | |a Crédito |9 256211 | |
| 650 | 7 | |a ENDEUDAMIENTO |2 CL-VaPUC |9 427090 | |
| 583 | |a last modification |c 20120302 09:02:28 |k Rodrigo Vera | ||
| 490 | 0 | |a Programa de Estudio Educación Media de Adultos | |
| 999 | |c 342776 |d 342774 | ||
| 952 | |0 0 |1 0 |4 0 |6 330_900000000000000_MIN_2007 |7 0 |8 R |9 439282 |a BIBEDU |b BIBEDU |d 2019-11-22 |i 471718K |o 330.9 MIN 2007 |p 471718K |r 2019-11-22 |w 2019-11-22 |y BK_R |k EBA | ||
| 952 | |0 0 |1 0 |4 0 |6 330_900000000000000_MIN_2007 |7 0 |8 R |9 439283 |a BIBEDU |b BIBEDU |d 2019-11-22 |i 4839218 |o 330.9 MIN 2007 |p 4839218 |r 2019-11-22 |w 2019-11-22 |y BK_R |k EPE | ||